00374nam a2200133Ia 4500003000400000005001700004008004100021040001800062041000800080100004100088110001700129245007400146260002000220OSt20230602103257.0211028s2012 xx 000 0 und d cAIMIT LIBRARY aeng aRai, Nivya U; Kumar, Rakesh.e101922 aRakesh Kumar aOffice automation: mess bill generation for hostel management system. aMangalorec2012